00667nam a2200205Ia 4500952014800000999001700148003000400165005001700169008004100186020001500227040000900242082001800251100002200269245003800291250001200329260005700341300000900398650001200407942004200419 00102ddc40708PHYSICSaMESbMEScPHYd2019-02-20g295.00l3m4o530.41 PIL/Sp27106r2026-01-19 10:20:37s2025-12-22w2019-02-20yBKzGL12R1 c33804d33804OSt20201109102834.0190216s9999||||xx |||||||||||||| ||und|| a8122414303 coclc a530.41bPIL/S aPillai, S O94294 0aSolid State Physics /cS O Pillai a5th Ed. bNew Age International Publishers,c2001.aNew Delhi: a901p aPhysics cBK2ddch530.41iPIL/Sk530.41mPIL/S